007730000a220009700045001000030000002450077000303000040001075200454001476500016006017730058006171 aRodrigues de Brito, Jacil10aLa relación maestro-discípulo en las tradiciones judía y cristiana aNum. 40 (2001), Páginas 135 - 145 aEl estudio sobre la relación maestro-discípulos y las tradiciones judía y cristiana es una tentativa de dilucidar el modo como la comunidad de Israel comprendió las enseñanzas recibidas de Dios en el Sinaí (ToRáH), y también para ver el modo como esas enseñanzas fueron asimiladas y transmitidas de generación en generación llegando a la comunidad de los cristianos de origen judío y, consecuentemente, hasta nuestros días.14aTRADICIONES0 tRevista de Interpretación Bíblica Latinoamericana